000 00409nam a2200181Ia 4500
005 20250423101239.0
008 250422s9999 xx 000 0 und d
020 _a1405812605
050 _aLB 1775 .D26/
100 _aDavies, Susan
245 4 _aThe essential guide to teaching
260 _aNew York
260 _bPearson
260 _c2006
300 _a309 p
650 _aEducation
942 _cBK
999 _c35737
_d35737